Thiết kế công trình hạ tầng đô thị và giao thông công cộng thành phố

Saved in:
Bibliographic Details
Main Author: PGS. TS. Nguyễn Xuân Vinh
Format: Book
Language:Vietnamese
Published: Xây dựng 2011
Subjects:
Tags: Add Tag
No Tags, Be the first to tag this record!
Institutions: Mạng thư viện Đại học Đà Nẵng
LEADER 01052nam a2200313 a 4500
001 000001331
003 02782
005 20171229145311.0
008 171229s2011 vie
040 |a LSK 
041 0 |a VIE 
082 0 |a 711.41  |b NG-V 
100 1 |a PGS. TS. Nguyễn Xuân Vinh 
245 0 0 |a Thiết kế công trình hạ tầng đô thị và giao thông công cộng thành phố 
260 |b Xây dựng  |c 2011 
300 |a 432 pages  |c 27 cm. 
653 |a Đường phố - Thiết kế và xây dựng 
852 |a Phòng Đọc - Phòng Mượn 
901 |a 20 
927 |a Giáo trình 
OWN |a LSK 
AVA |a UDN50  |b LSK  |d 711.41 NG-V  |e check_holdings  |t Error 5003 Not defined in file expand_doc_bib_avail.  |h N  |k 1 
999 |a From the UDN01 
AVA |a UDN50  |b LSK  |d 711.41 NG-V  |e available  |t Error 5001 Not defined in file expand_doc_bib_avail.  |f 20  |g 0  |h N  |i 0  |k 1 
TYP |a Monograph 
TYP |a Printed language 
980 |a Mạng thư viện Đại học Đà Nẵng